000
00295nam a22001337a 4500
008
170330b xxu||||| |||| 00| 0 eng d
020
_a
9780395697528
041
_a
eng
080
_2
2 ED
_a
616-053.2
100
_a
8
101
_a
SHM
245
_a
CHILD DEVELOPMENT
_c
BUKATKO.D
942
_2
udc
_c
BK
999
_c
9169
_d
9169